000 00596nam a22001457a 4500
020 _a978-0-00-735522-8
082 _a823
_bCRI/P
100 _aCRICHTON, MICHAEL
245 _aPIRATE LATITUDES
260 _aLONDON
_bHARPER COLLINS
_c2009
300 _a310
520 _aPirate Latitudes is an adventure story set in the New World, in 1665, when Jamaica was a British colony holding out against Spanish dominance. The story centers on a plan hatched by the island's governor and a notorious pirate called Hunter to raid a Spanish treasure galleon.
650 _aNOVEL
_zUNITED KINGDOM
942 _cBK
999 _c2917
_d2917